170 rokov Cirkevného hudobného spolku v Trnave

Bibliographic Details
Main Author: Bulla, Marián, 1939- (Author)
Format: Article
Language:Slovak
ISSN:1335-4140
Subjects:

MARC

LEADER 00000nab a2200000 a 4500
001 vtls000847783
003 SK-MaSNL
005 20260305032422.0
008 250429c2003 xo 0 slo
015 |a SNBRB2003/10-27802 
035 |a CLN000199438 
035 |a urn:nbn:sk:snk-ab1y2u 
035 |a (urnnbn)urn:nbn:sk:snk:ar-a017ke 
035 |a (uuid)0b8fc88d-64d7-4f60-aab3-d8548ae14a27 
040 |a SNKBUCL  |b slo  |c SNKBUCL  |e AACR2 
041 0 |a slo 
044 |a xo  |c SK 
080 |a 78:061.25(437.6)(091)  |2 1997 
100 1 |a Bulla, Marián,  |d 1939-  |4 aut  |9 185524 
245 1 0 |a 170 rokov Cirkevného hudobného spolku v Trnave  |c Marián Bulla 
246 1 3 |a Stosedemdesiat rokov Cirkevného hudobného spolku v Trnave 
610 7 |a Cirkevný hudobný spolok (Trnava, Slovensko)  |x dejiny  |2 snkbucl  |9 1611704 
651 7 |a Trnava (Slovensko : okres)  |2 snkbucl  |9 51837 
655 7 |a články z novín a časopisov  |2 snkbucl  |9 267496 
773 0 |t Hudobný život  |g Roč. 35, č. 9 (2003), s. 31-32  |x 1335-4140 
850 |a Slovenská národná knižnica 
852 |a Slovenská národná knižnica 
954 |a odborná, vedecká literatúra pôvodná (slovenská)  |2 lita 
958 |a article27 
958 |a OND 
958 |a SK 
958 |a EUIPO 
992 |a RBX 
999 |c 3320007  |d 3321937